| 000 | 00624nam a2200181Ia 4500 | ||
|---|---|---|---|
| 008 | 151202s9999||||xx |||||||||||||| ||und|| | ||
| 082 | _bPNVM-30749 | ||
| 100 | _aकोररगावकर र. | ||
| 245 | _aग्रह आणि जीवन रेखा. | ||
| 260 | _b"मनोरंजन प्रकाशन,मुंबई." | ||
| 260 | _c1974 | ||
| 300 | _a50 | ||
| 600 | _aकोररगावकर र. | ||
| 630 | _aग्रह आणि जीवन रेखा. | ||
| 700 | _aकोररगावकर र. | ||
| 730 | _aग्रह आणि जीवन रेखा. | ||
| 942 | _cBOOK | ||
| 999 |
_c1296711 _d1296708 |
||